000
00288cam a22000977a 4500
008
180718b2009 xxu||||| |||| 00| 0 eng d
082
_a
A99 J185 J185
245
_a
Babu Jagjivan Ram on public adminstraion
260
_a
New delhi
_b
Indian institute of public adminstraion
_c
2009
300
_a
32
999
_c
502468
_d
502468